| 000 | 00281 a2200097 4500 | ||
|---|---|---|---|
| 001 | 12994 | ||
| 100 | _aShepherd,S.H.A | ||
| 245 | _aMiddles English Romances:Authoritative Texts Sources and Backrounds Criticism | ||
| 260 |
_aNY _bW W Norton & Company NY _c1995 |
||
| 090 |
_c9997 _d9997 |
||
| 942 |
_aNUST-CAE _cM _c36929 |
||
| 999 |
_c248067 _d248067 |
||